Влияние ширины реза на радиальную проекцию силы резания; Инновационные технологии в машиностроении

Detalles Bibliográficos
Parent link:Инновационные технологии в машиностроении.— 2018.— [С. 239-242]
Autor principal: Аксёнов В. В. Владимир Валерьевич
Autor Corporativo: Национальный исследовательский Томский политехнический университет (ТПУ) Юргинский технологический институт (филиал) (ЮТИ) Кафедра горно-шахтного оборудования (ГШО)
Otros Autores: Садовец В. Ю. Владимир Юрьевич, Пашков Д. А.
Sumario:Заглавие с экрана
В статье обосновывается влияние ширины реза на проекцию составляющей силы резания на плоскость, перпендикулярную оси вращения геохода. Рассмотрена актуальность исследования. Для постановки цели и задач исследования определена проекция составляющей силы резания на плоскость, перпендикулярную оси вращения геохода. На основании проведенного исследования построена зависимость радиальной проекции силы резанию ножевого исполнительного органа геохода (RИО.СВ) от от x до Rг.
Lenguaje:ruso
Publicado: 2018
Colección:Передовые технологии и техника для разработки недр
Materias:
Acceso en línea:http://earchive.tpu.ru/handle/11683/50168
Formato: Electrónico Capítulo de libro
KOHA link:https://koha.lib.tpu.ru/cgi-bin/koha/opac-detail.pl?biblionumber=627256

MARC

LEADER 00000naa2a2200000 4500
001 627256
005 20231102024249.0
035 |a (RuTPU)RU\TPU\conf\26998 
035 |a RU\TPU\conf\26997 
090 |a 627256 
100 |a 20180823d2018 k y0rusy50 ca 
101 0 |a rus 
102 |a RU 
105 |a y z 101zy 
135 |a drcn ---uucaa 
181 0 |a i  
182 0 |a b 
200 1 |a Влияние ширины реза на радиальную проекцию силы резания  |f В. В. Аксёнов, В. Ю. Садовец, Д. А. Пашков 
203 |a Текст  |c электронный 
225 1 |a Передовые технологии и техника для разработки недр 
230 |a 1 компьютерный файл (pdf; 160 Kb) 
300 |a Заглавие с экрана 
320 |a [Библиогр.: с. 241-242 (30 назв.)] 
330 |a В статье обосновывается влияние ширины реза на проекцию составляющей силы резания на плоскость, перпендикулярную оси вращения геохода. Рассмотрена актуальность исследования. Для постановки цели и задач исследования определена проекция составляющей силы резания на плоскость, перпендикулярную оси вращения геохода. На основании проведенного исследования построена зависимость радиальной проекции силы резанию ножевого исполнительного органа геохода (RИО.СВ) от от x до Rг. 
463 0 |0 (RuTPU)RU\TPU\conf\26327  |t Инновационные технологии в машиностроении  |o сборник трудов IX Международной научно-практической конференции, 24–26 мая 2018 г., Юрга  |f Национальный исследовательский Томский политехнический университет (ТПУ), Юргинский технологический институт (ЮТИ) ; под ред. Д. А. Чинахова  |v [С. 239-242]  |d 2018 
610 1 |a электронный ресурс 
610 1 |a труды учёных ТПУ 
610 1 |a ширина 
610 1 |a сила резания 
610 1 |a проекции 
610 1 |a оси вращения 
610 1 |a геоходы 
610 1 |a исполнительные органы 
700 1 |a Аксёнов  |b В. В.  |c горный инженер  |c профессор Юргинского технологического института (филиала) Томского политехнического университета, доктор технических наук  |f 1955-  |g Владимир Валерьевич  |2 stltpush  |3 (RuTPU)RU\TPU\pers\26165  |9 11974 
701 1 |a Садовец  |b В. Ю.  |c специалист в области машиностроения  |c доцент Юргинского технологического института (филиала) Томского политехнического университета  |f 1978-  |g Владимир Юрьевич  |2 stltpush  |3 (RuTPU)RU\TPU\pers\27713  |9 12787 
701 1 |a Пашков  |b Д. А. 
712 0 2 |a Национальный исследовательский Томский политехнический университет (ТПУ)  |b Юргинский технологический институт (филиал) (ЮТИ)  |b Кафедра горно-шахтного оборудования (ГШО)  |h 2088  |2 stltpush  |3 (RuTPU)RU\TPU\col\18984 
801 2 |a RU  |b 63413507  |c 20180824  |g RCR 
856 4 |u http://earchive.tpu.ru/handle/11683/50168 
942 |c BK